000
00326nam a22001217a 4500
003
SGT
082
_a
370
_b
RAG
100
_a
राघव, श्वेता
245
_a
परिवार और सामुदायिक पुनर्वास
260
_a
DELHI
_b
RI PUB.
_c
2017
300
_a
156
942
_2
ddc
_c
BK
_0
29
999
_c
17445
_d
17445